| 000 | 00714cam a2200241 a 4500 | ||
|---|---|---|---|
| 999 |
_c4548 _d4548 |
||
| 001 | 117438 | ||
| 003 | GBCCL | ||
| 005 | 20241126110520.0 | ||
| 008 | 750227s1969 miu b 000 0 eng d | ||
| 035 | _a(OCoLC)ocm01191963 | ||
| 040 |
_aBSC _cBSC _dFYB _dPLT _dOCL _dLBB |
||
| 049 | _aLBBK | ||
| 082 |
_a227.9107 _bHOW |
||
| 090 |
_aBS2785.3 _b.H6 1969 |
||
| 092 |
_a227.9107 _bH848j |
||
| 100 | 1 |
_aHoward, Fred D. _98423 |
|
| 245 | 1 | 0 |
_aJames : _bepistle of action / _cby Fred D. Howard. |
| 260 |
_aGrand Rapids, Mich. : _bBaker Book House, _cc1969. |
||
| 300 |
_a60 p. ; _c20 cm. |
||
| 504 | _aIncludes bibliographical references (p. 60) | ||
| 630 | 0 | 0 |
_aBible. _pN.T. _pJames _vCommentaries. _98424 |
| 942 |
_2ddc _cBK _07 |
||